书目信息 |
| 题名: |
房地产估价规范GB/T50291-1999
|
|
| 作者: | 中华人民共和国建设部 | |
| 分册: | ||
| 出版信息: | 北京 中国建筑工业出版社 1999.04 |
|
| 页数: | 80页 | |
| 开本: | 32开 | |
| 丛书名: | 中华人民共和国国家标准 | |
| 单 册: | ||
| 中图分类: | F293.3-65 | |
| 科图分类: | ||
| 主题词: | 城市经济 , 市政经济 | |
| 电子资源: | ||
| ISBN: | ||
| 000 | 00724nam0 2200229 45 | |
| 001 | 0003151155 | |
| 005 | 20230529172709.18 | |
| 010 | @d11.00元 | |
| 100 | @a20000315d1999 km y0chiy0120 ea | |
| 101 | @achi | |
| 105 | @a z 000yy | |
| 200 | 1 | @a房地产估价规范GB/T50291-1999@Afang di chan gu jia gui fan GB/T50291-1999@f中华人民共和国建设部@FZhong Hua Ren Min Gong He Guo Jian She Bu |
| 210 | @a北京@c中国建筑工业出版社@d1999.04 | |
| 215 | @a80页@d32开 | |
| 225 | 2 | @a中华人民共和国国家标准 |
| 410 | 0 | @12001 @a中华人民共和国国家标准 |
| 606 | 0 | @a城市经济 |
| 606 | 0 | @a市政经济 |
| 690 | @aF293.3-65@v3 | |
| 701 | @a中华人民共和国建设部 | |
| 801 | @aCN@bPftUser@c20000315 | |
| 905 | @f5@b50855-859@dF293.3-65@eZH:706 | |
| 房地产估价规范GB/T50291-1999/中华人民共和国建设部.-北京:中国建筑工业出版社,1999.04 |
| 80页;32开.-(中华人民共和国国家标准) |
| ISBN :11.00元 |
| ● |
| 相关链接 |
|
|
|
正题名:房地产估价规范GB/T50291-1999
索取号:F293.3-65/ZH:706
 
预约/预借
| 序号 | 登录号 | 条形码 | 馆藏地/架位号 | 状态 | 备注 |
| 1 | 50855 | 200508557 | 社科二线422/409社科库 106排1列6层/ [索取号:F293.3-65/ZH:706] | 在馆 | |
| 2 | 50856 | 200508566 | 社科二线422/409社科库 106排2列2层/ [索取号:F293.3-65/ZH:706] | 在馆 | |
| 3 | 50857 | 200508575 | 社科二线422/422社科库 44排2列1层/ [索取号:F293.3-65/ZH:706] | 在馆 | |
| 4 | 50858 | 200508584 | 社科库409/409社科库 106排2列2层/ [索取号:F293.3-65/ZH:706] | 在馆 | |
| 5 | 50859 | 200508593 | 社科库409/422社科库 44排2列1层/ [索取号:F293.3-65/ZH:706] | 在馆 |